| 000 | 01028cam a2200313u 4500 | ||
|---|---|---|---|
| 001 | 20766 | ||
| 003 | BD-RjUL | ||
| 005 | 20211209000617.0 | ||
| 008 | 140302s19491931enk 000 0 eng | ||
| 035 | _a(BD-RjUL)20828 | ||
| 040 |
_aDLC _cCarP _dDLC _dBD-RjUL _beng |
||
| 041 | _aeng | ||
| 082 |
_a823.914 _bRAM V-2 1949 |
||
| 100 | 1 |
_aRadcliffe, Ann, _d1764-1823. _964122 |
|
| 245 | 1 | 4 |
_aThe mysteries of Udolpho / _cAnn Radcliffe. _nVolume Two |
| 260 |
_aLondon ; _aNew York : _bJ. M. Dent & sons, ltd.; _bE. P. Dutton & co., inc., _c[Reprinted 1949]. |
||
| 300 |
_a2 v. ; _c18 cm. |
||
| 650 | 0 |
_aInheritance and succession _vFiction. _942368 |
|
| 650 | 0 |
_aGuardian and ward _vFiction. _963180 |
|
| 650 | 0 |
_aYoung women _vFiction. _964123 |
|
| 650 | 0 |
_aOrphans _vFiction. _942358 |
|
| 650 | 0 |
_aCastles _vFiction. _963182 |
|
| 651 | 0 |
_aItaly _vFiction. _961627 |
|
| 655 | 7 |
_aGothic fiction. _2gsafd _964128 |
|
| 655 | 7 |
_aHorror fiction. _2gsafd _964129 |
|
| 942 |
_2ddc _cBK |
||
| 999 |
_c20766 _d20766 |
||